El capital constitutivo como crédito fiscal / La defraudación impositiva / Las consecuencias fiscales de la nueva Ley Federal del Trabajo /

Gespeichert in:
Bibliographische Detailangaben
1. Verfasser: Moreno Padilla, Javier (autor)
Weitere Verfasser: Rendón Salgado, Pablo (autor) (autor), Elguea Espinosa, Javier (autor) (autor)
Format: Buch
Sprache:Spanisch
Veröffentlicht: México : Academia Mexicana de Derecho Fiscal, 1970
Tags: Tag hinzufügen
Keine Tags, Fügen Sie das erste Tag hinzu!

MARC

LEADER 00000nam^a2200000^a^4500
001 000430158
005 20250526000000.0
009 20260310122916.711
037 |a Acervo ITESO - Biblioteca 
041 |a ESP 
091 |a FHM. 04832 
100 |a Moreno Padilla, Javier  |e (autor) 
245 1 3 |a El capital constitutivo como crédito fiscal / La defraudación impositiva / Las consecuencias fiscales de la nueva Ley Federal del Trabajo / 
264 1 |a México :  |b Academia Mexicana de Derecho Fiscal,  |c 1970 
300 |a 79 p. ;  |c 22.5 cm. 
336 |a texto  |b txt  |2 rdacontenido 
337 |a sin mediación  |b n  |2 rdamedio 
338 |a volumen  |b nc  |2 rdasoporte 
649 |a XX 
700 |a Rendón Salgado, Pablo  |e (autor) 
700 |a Elguea Espinosa, Javier  |e (autor) 
910 |a Fondo Hugo B. Margáin 
920 |a Impresos - Libros 
930 |a Libros Antiguos y Raros 
905 |a 126 
901 |a 0500302828  |b IT2  |c LRA  |i D115379  |u 20250526 
901 |a 0500314836  |b IT2  |c LRA  |i D118800  |u 20250526 
902 |a https://opac.biblio.iteso.mx/vufind/Record/000430158